| 000 | 00566nam a2200205Ia 4500 | ||
|---|---|---|---|
| 003 | BUBTL | ||
| 008 | 151213s9999 xx 000 0 und d | ||
| 020 | _a9843218860 | ||
| 082 | _a346/ H211l/ 2012 | ||
| 100 |
_aHaque, Muhammad Ekramul _92101 |
||
| 245 |
_aLaw of Contract : _cMuhammad Ekramul Haque |
||
| 250 | _a2nd ed | ||
| 260 |
_aDhaka _bLaw Lyceum _cc2012 |
||
| 300 |
_a[xxvi],361p. : _bill. 21cm |
||
| 650 | _aLaw | ||
| 700 |
_aMuhammad Ekramul Haque _94627 |
||
| 856 |
_k0 _l0 _yDownload |
||
| 942 |
_2ddc _cBK |
||
| 999 |
_c4045 _d4045 |
||